|
|
|
|
| LEADER |
01233nam a22002657a 4500 |
| 001 |
39565 |
| 003 |
BD-DhAAL |
| 008 |
220906t2018 scu||||| |||| 001 0 eng d |
| 999 |
|
|
|c 44846
|d 44846
|
| 020 |
|
|
|a 9781790789870
|
| 040 |
|
|
|a BD-DhAAL
|c BD-DhAAL
|
| 082 |
|
|
|a 005.133
|2 23
|
| 100 |
|
|
|a Chan, Jamie
|9 51317
|
| 245 |
|
|
|a Learn Java in one day and learn it well :
|b the only book you need to start coding in Java immediately /
|c Jamie Chan.
|
| 260 |
|
|
|a Columbia, SC :
|b [publisher not identified],
|c 2018.
|
| 300 |
|
|
|a 235 pages ;
|c 22 cm.
|
| 500 |
|
|
|a Includes index.
|
| 526 |
|
|
|a CSE
|
| 541 |
|
|
|a Development Book Agency
|e 39565, 39566
|
| 650 |
|
|
|a Java (Computer program language).
|9 51318
|
| 650 |
|
|
|a Computer science.
|9 51319
|
| 852 |
|
|
|a Ayesha Abed Library
|c General Stacks
|
| 942 |
|
|
|2 ddc
|c BK
|
| 952 |
|
|
|0 0
|1 0
|2 ddc
|4 0
|6 005_133000000000000_CHA
|7 0
|9 71726
|a BRACUL
|b BRACUL
|c GEN
|d 2022-08-24
|e Development Book Agency
|g 2375.00
|l 9
|m 76
|o 005.133 CHA
|p 3010039565
|q 2026-05-17
|r 2025-10-06
|s 2025-10-06
|t 1
|v 2375.00
|w 2022-08-24
|y BK
|
| 952 |
|
|
|0 0
|1 0
|2 ddc
|4 0
|6 005_133000000000000_CHA
|7 0
|9 71727
|a BRACUL
|b BRACUL
|c GEN
|d 2022-08-24
|e Development Book Agency
|g 2375.00
|l 5
|m 21
|o 005.133 CHA
|p 3010039566
|r 2025-11-19
|s 2025-11-04
|t 2
|v 2375.00
|w 2022-08-24
|y BK
|